[Event "V Campeonato de España de Selecciones Au"]
[Site "Tossa de Mar"]
[Date "2010.05.02"]
[Round "6"]
[White "Santos Latasa, Jaime"]
[Black "Gaya Llodra, Juan"]
[Result "0-1"]
[WhiteElo "2271"]
[BlackElo "2262"]
[PlyCount "112"]
[EventDate "2010.04.29"]
[EventType "team"]
[EventRounds "6"]
[EventCountry "ESP"]
[WhiteTeam "Asturias"]
[BlackTeam "Balears"]

1. Nf3 Nf6 2. c4 c6 3. d4 g6 4. Nc3 d5 5. e3 Bg7 6. Be2 O-O 7. O-O Ne4 8. Nd2
Nxc3 9. bxc3 e5 10. Bb2 Be6 11. Ba3 Re8 12. Rb1 b6 13. cxd5 Bxd5 14. Nc4 exd4
15. cxd4 Re6 16. Qd2 Qg5 17. g3 Nd7 18. Rfc1 Rae8 19. f4 Qf5 20. Bd3 Qh5 21.
Be2 Qf5 22. Bd3 Qh5 23. Be2 Qh6 24. Ne5 Nxe5 25. dxe5 Bxe5 26. fxe5 Rxe5 27.
Rc3 Rxe3 28. Rd1 Qh3 29. Bf1 Qe6 30. Rxe3 Qxe3+ 31. Qxe3 Rxe3 32. Bb2 f5 33.
Kf2 Rf3+ 34. Ke2 f4 35. gxf4 Rxf4 36. Rd4 Bc4+ 37. Ke3 Rxd4 38. Bxd4 Bxf1 39.
Be5 Kf7 40. Bb8 a6 41. Ba7 Bc4 42. a3 b5 43. Bc5 Ke6 44. Ke4 a5 45. h4 Bd5+ 46.
Kf4 Bb3 47. Kg5 Kd5 48. Bb6 b4 49. axb4 axb4 50. Kh6 Bc2 51. Bd8 b3 52. Bf6 c5
53. h5 gxh5 54. Kxh5 Ke4 55. Kh6 Kd3 56. Kxh7 c4 0-1

[Event "V Campeonato de España de Selecciones Au"]
[Site "Tossa de Mar"]
[Date "2010.05.02"]
[Round "6"]
[White "Castell Cantero, Salvador"]
[Black "Marcos Pinto, Luis"]
[Result "1-0"]
[WhiteElo "1945"]
[BlackElo "2186"]
[PlyCount "93"]
[EventDate "2010.04.29"]
[EventType "team"]
[EventRounds "6"]
[EventCountry "ESP"]
[WhiteTeam "Balears"]
[BlackTeam "Asturias"]

1. d4 d5 2. c4 c6 3. Nc3 Nf6 4. Bg5 Ne4 5. Nxe4 dxe4 6. Qd2 Bf5 7. e3 Nd7 8.
Ne2 h6 9. Bh4 Qb6 10. Nc3 e6 11. Be2 Bb4 12. O-O O-O 13. Rfd1 Rfe8 14. Qc2 Bxc3
15. Qxc3 Rac8 16. b4 Nf8 17. h3 Ng6 18. Bg3 Qd8 19. Bh5 Qg5 20. Bxg6 Qxg6 21.
c5 h5 22. Kh2 Qh6 23. Qa3 a6 24. Qa5 g5 25. Bd6 Red8 26. Qb6 Rd7 27. a4 Qf6 28.
b5 axb5 29. axb5 Bxh3 30. Rd2 Bxg2 31. Kxg2 Qf3+ 32. Kh2 h4 33. bxc6 Rxc6 34.
Qb1 g4 35. Qh1 Qf5 36. Qg2 f6 37. Ra8+ Kh7 38. Ra7 Ra6 39. Rxa6 bxa6 40. Rc2 a5
41. c6 Rd8 42. c7 Rc8 43. Rc5 Qg6 44. Rb5 f5 45. Rb8 Qe8 46. Rxc8 Qxc8 47. Qf1
1-0

[Event "V Campeonato de España de Selecciones Au"]
[Site "Tossa de Mar"]
[Date "2010.05.02"]
[Round "6"]
[White "Grace Coletes, Angela"]
[Black "Gallardo Pina, Neus"]
[Result "0-1"]
[WhiteElo "1750"]
[BlackElo "1808"]
[PlyCount "112"]
[EventDate "2010.04.29"]
[EventType "team"]
[EventRounds "6"]
[EventCountry "ESP"]
[WhiteTeam "Asturias"]
[BlackTeam "Balears"]

1. e4 c5 2. c3 b6 3. d4 cxd4 4. cxd4 Bb7 5. Nc3 e6 6. Nf3 Bb4 7. e5 Ne7 8. Bd2
O-O 9. Bd3 d6 10. O-O dxe5 11. Nxe5 Qxd4 12. Qe2 Rd8 13. a3 Bd6 14. Nf3 Qxd3
15. Qxd3 Bxh2+ 16. Nxh2 Rxd3 17. Rfd1 Nbc6 18. Bf4 Rad8 19. Nf3 f6 20. Rxd3
Rxd3 21. Rd1 Rxd1+ 22. Nxd1 e5 23. Bd2 Kf7 24. Kf1 Nf5 25. Nc3 Ncd4 26. Ne1 Nh4
27. Be3 Ba6+ 28. Kg1 Nhf5 29. Bd2 Nb3 30. Nf3 Bb7 31. Be3 Nxe3 32. fxe3 Bxf3
33. gxf3 Nd2 34. Kf2 Nc4 35. Nd1 h5 36. a4 a5 37. b3 Nd2 38. Nc3 Ke6 39. e4 g5
40. Nd5 f5 41. Nxb6 fxe4 42. fxe4 Nxe4+ 43. Ke3 Nc5 44. Nc4 Nxb3 45. Kf3 g4+
46. Kg3 Kd5 47. Ne3+ Kd4 48. Nf5+ Kd3 49. Ng7 Nc5 50. Nxh5 Nxa4 51. Kxg4 Nc5
52. Nf6 a4 53. Nd5 a3 54. Nb4+ Kc3 55. Na2+ Kb3 56. Nc1+ Kb2 0-1